000 00782nam a2200253 i 4500
003 OSt
005 20260204095930.0
008 260204s2025 my gr 000 f may d
020 _a9789670082479
_cRM 32.00
_qpaperback
040 _aPPAK
_beng
_cPPAK
_erda
082 0 4 _223
_a899.2333
090 0 0 _a899.2333
_bMIS
_dG
100 0 _aMisscatzie,
_eauthor.
245 1 0 _aKHAFIFAH /
_cMISSCATZIE ; Editor: Team Editorial AHA
264 1 _aPuncak Alam, Selangor :
_bAHA PUBLICATION,
_c[2025]
300 _a431 pages ;
_c18 cm
336 _atext
_2rdacontent
337 _aunmediated
_2rdamedia
338 _avolume
_2rdacarrier
650 1 0 _aMalay fiction
650 2 4 _aMalaysian fiction (Malay)
710 2 _aTeam Editorial AHA,
_eeditor.
942 _2ddc
_cB
999 _c202942
_d202942